Kālidāsa, his style and his times, (Record no. 83267)

MARC details
000 -LEADER
fixed length control field 00524nam a22001931 4500
001 - CONTROL NUMBER
control field sa 68009972
003 - CONTROL NUMBER IDENTIFIER
control field DLC
005 - DATE AND TIME OF LATEST TRANSACTION
control field 20260227112549.0
008 - FIXED-LENGTH DATA ELEMENTS--GENERAL INFORMATION
fixed length control field 711028s1966 ii c b 00010 eng
010 ## - LIBRARY OF CONGRESS CONTROL NUMBER
LC control number sa 68009972
050 0# - LIBRARY OF CONGRESS CALL NUMBER
Classification number PK3797
Item number .S2
082 ## - DEWEY DECIMAL CLASSIFICATION NUMBER
Classification number 891/.2/8
100 10 - MAIN ENTRY--PERSONAL NAME
Personal name Sabnis, S. A.
245 10 - TITLE STATEMENT
Title Kālidāsa, his style and his times,
Statement of responsibility, etc. by S. A. Sabnis.
260 0# - PUBLICATION, DISTRIBUTION, ETC.
Place of publication, distribution, etc. Bombay,
Name of publisher, distributor, etc. N. M. Tripathi,
Date of publication, distribution, etc. 1966.
300 ## - PHYSICAL DESCRIPTION
Extent viii, 480 p.
Other physical details port.
Dimensions 23 cm.
504 ## - BIBLIOGRAPHY, ETC. NOTE
Bibliography, etc. note Bibliographical footnotes.
600 00 - SUBJECT ADDED ENTRY--PERSONAL NAME
Personal name Kālidāsa.

No items available.

Powered by Koha